Giáo trình thổ nhưỡng học

Shranjeno v:
Bibliografske podrobnosti
Korporativna značnica: Trường Đại học Cần Thơ
Format: Knjiga
Jezik:Undetermined
Izdano: Cần Thơ Trường Đại học Cần Thơ 1979
Teme:
Oznake: Označite
Brez oznak, prvi označite!
Thư viện lưu trữ: Trung tâm Học liệu Trường Đại học Cần Thơ
LEADER 00599nam a2200193Ia 4500
001 CTU_12450
008 210402s9999 xx 000 0 und d
082 |a 631.4 
082 |b Tr561/T.1 
110 |a Trường Đại học Cần Thơ 
245 0 |a Giáo trình thổ nhưỡng học 
245 0 |c Trường Đại học Cần Thơ 
260 |a Cần Thơ 
260 |b Trường Đại học Cần Thơ 
260 |c 1979 
650 |a Soil science 
650 |x Study and teaching 
904 |i Qhieu sua 
980 |a Trung tâm Học liệu Trường Đại học Cần Thơ